Studies in short fiction.

Bibliographic Details
Uniform Title:Studies in short fiction (Online)
Corporate Author: Newberry College
Format: Journal
Language:English
Published: Newberry, S.C. : Newberry College, [1963-]
Newberry, SC : Studies in Short Fiction.
Subjects:
Online Availability: Check for online availability

MARC

Tag First Indicator Second Indicator Subfields
LEADER 00000cas a2200000 a 4500
001 in00002787952
005 20151202171653.0
006 m o d
007 cr |||||||||||
008 011016c19639999scuqr poo 0 a0eng
010 |a  2007233422 
019 |a 50573850 
022 0 |a 2168-9032  |y 0039-3789  |2 1 
029 1 |a OCLCS  |b 14109 
029 1 |a OCLCS  |b OP-864 
029 1 |a NZ1  |b 8691873 
029 1 |a AU@  |b 000024299299 
035 |a (OCoLC)ocm48157592 
035 |a (OCoLC)48157592  |z (OCoLC)50573850 
040 |a BUF  |c BUF  |d OCLCQ  |d BUF  |d GUA  |d ZAD  |d DLC  |d OCLCQ  |d TXA  |d UtOrBLW 
042 |a lcd  |a nsdp 
049 |a TXAM 
050 1 4 |a PN3311  |b .S8 Electronic 
082 1 0 |a 810  |2 14 
130 0 |a Studies in short fiction (Online) 
222 0 |a Studies in short fiction  |b (Online) 
245 1 0 |a Studies in short fiction. 
264 1 |3 1963-1999:  |a Newberry, S.C. :  |b Newberry College,  |c [1963-] 
264 1 |3 2012- :  |a Newberry, SC :  |b Studies in Short Fiction. 
264 4 |c ©1963- 
310 |a Quarterly 
336 |a text  |b txt  |2 rdacontent 
337 |a computer  |b c  |2 rdamedia 
338 |a online resource  |b cr  |2 rdacarrier 
362 1 |a Began with: Vol. 1, no.1 (fall 1963). 
500 |a Publication suspended in 2000 with volume 36, number 4 (fall 1999) and resumed in 2012 with volume 37, number 1 (winter 2012). 
538 |a Mode of access: World Wide Web. 
588 |a Description based on: Vol. 1, no.1 (fall 1963); title from PDF table of contents (PAO, viewed Dec. 4, 2012). 
588 |a Latest issue consulted: Vol. 36, no. 4 (fall 2009) (Proquest website, viewed July 24, 2012). 
500 |a Electronic resource. 
650 0 |a Fiction  |x History and criticism  |v Periodicals. 
710 2 |a Newberry College. 
776 0 8 |i Print version:  |t Studies in short fiction  |x 0039-3789  |w (DLC) 64009357  |w (OCoLC)1605955 
948 |a cataloged  |b h  |c 2012/12/4  |d c  |e spoltoratski  |f 4:14:25 pm  |g CF 
994 |a C0  |b TXA 
999 |a MARS 
999 f f |s 8a16c1e3-2c02-3839-95f0-4eac289f0773  |i bf58c36a-c39c-391d-b4e7-09907250d93e  |t 0 
952 f f |a Texas A&M University  |b College Station  |c Electronic Resources  |d Available Online  |t 0  |e PN3311 .S8  |g Electronic  |h Library of Congress classification 
998 f f |a PN3311 .S8  |t 0  |l Available Online